<?xml version="1.0" encoding="UTF-8"?>
<record
    xmlns:xsi="http://www.w3.org/2001/XMLSchema-instance"
    xsi:schemaLocation="http://www.loc.gov/MARC21/slim http://www.loc.gov/standards/marcxml/schema/MARC21slim.xsd"
    xmlns="http://www.loc.gov/MARC21/slim">

  <leader>00198nam a2200085   4500</leader>
  <controlfield tag="001">1238850</controlfield>
  <controlfield tag="005">20251006125139.0</controlfield>
  <datafield tag="245" ind1=" " ind2=" ">
    <subfield code="a">SAH&#x130;H-&#x130; BUHAR&#x130;</subfield>
    <subfield code="c">ABDULLAH FEYZ&#x130; KACAER</subfield>
  </datafield>
  <datafield tag="260" ind1=" " ind2=" ">
    <subfield code="b">H&#xDC;NER YAYIEV&#x130;</subfield>
  </datafield>
  <datafield tag="999" ind1=" " ind2=" ">
    <subfield code="c">1238850</subfield>
    <subfield code="d">1238850</subfield>
  </datafield>
  <datafield tag="952" ind1=" " ind2=" ">
    <subfield code="0">0</subfield>
    <subfield code="1">0</subfield>
    <subfield code="2">ddc</subfield>
    <subfield code="4">0</subfield>
    <subfield code="7">0</subfield>
    <subfield code="a">1054</subfield>
    <subfield code="b">1054</subfield>
    <subfield code="d">2025-10-06</subfield>
    <subfield code="l">0</subfield>
    <subfield code="o">S2</subfield>
    <subfield code="p">10545784</subfield>
    <subfield code="r">2025-10-06 12:52:04</subfield>
    <subfield code="w">2025-10-06</subfield>
    <subfield code="y">BK</subfield>
  </datafield>
</record>
